| 000 | 00698nam a22002057a 4500 | ||
|---|---|---|---|
| 003 | JO-AjAnu | ||
| 005 | 20251021095023.0 | ||
| 008 | 251018b jo ||||| |||| 00| 0 ara d | ||
| 020 | _a978-9957-94-848-1 | ||
| 022 | _a4817/9/2022 | ||
| 040 |
_aANU _cJO-AjAnu |
||
| 041 | _hARA | ||
| 100 |
_aأبو شرار، بشرى _eمؤلف _966896 |
||
| 245 |
_aقمر في الظهيرة _c / بشرى أبو شرار |
||
| 260 |
_aعمان : _bوزارة الثقافة، _c2022 |
||
| 300 | _a351 صفحة | ||
| 490 | _aالقراءة للجميع 16رقم الاصدار 850 | ||
| 650 |
_vالروايات العربية-الأدب العربي-العصر الحديث _966895 |
||
| 942 |
_2lcc _cBK _n0 |
||
| 999 |
_c34136 _d34136 |
||